000 00360nam a2200157Ia 4500
003 Ost
005 20260225132553.0
008 260225s9999||||xx |||||||||||||| ||und||
040 _cfsic
041 _afre
082 _a440
100 _aA.Parmenie
_eAuteur
245 0 _aHistoire d'un éditeur et de ses auteurs /
245 0 _cA.Parmenie
942 _cكتاب
999 _c34246
_d34246